[Event "EU-ch (Men) 11th"]
[Site "Rijeka"]
[Date "2010.03.08"]
[Round "3.1"]
[White "Navara, David"]
[Black "Pelletier, Yannick"]
[Result "0-1"]
[WhiteElo "2708"]
[BlackElo "2611"]
[PlyCount "60"]
[EventDate "2010.03.06"]
[EventType "swiss"]
[EventRounds "11"]
[EventCountry "CRO"]
[SourceDate "2010.03.06"]

1. e4 e6 2. d4 d5 3. Nc3 dxe4 4. Nxe4 Nd7 5. Nf3 Ngf6 6. Nxf6+ Nxf6 7. Bg5 h6
8. Be3 Bd6 9. Bd3 b6 10. Ne5 O-O 11. Qf3 Nd5 12. O-O-O Bb7 13. Bd2 Qh4 14. Rhe1
Rad8 15. g3 Qxd4 16. Re4 Qc5 17. Bxh6 Nb4 18. Bxg7 Bxe4 19. Qxe4 f5 20. Qf4
Bxe5 21. Bxe5 Rxd3 22. Qg5+ Kf7 23. Qf6+ Ke8 24. Qxe6+ Kd8 25. Bf6+ Rxf6 26.
Qxf6+ Kc8 27. Qe6+ Kb7 28. Qe2 Nxa2+ 29. Kb1 Rxd1+ 30. Qxd1 Nb4 0-1

[Event "EU-ch (Men) 11th"]
[Site "Rijeka"]
[Date "2010.03.08"]
[Round "3.2"]
[White "Saric, Ivan"]
[Black "Vallejo Pons, Francisco"]
[Result "0-1"]
[WhiteElo "2607"]
[BlackElo "2708"]
[PlyCount "118"]
[EventDate "2010.03.06"]
[EventType "swiss"]
[EventRounds "11"]
[EventCountry "CRO"]
[SourceDate "2010.03.06"]

1. e4 c6 2. d4 d5 3. Nc3 dxe4 4. Nxe4 Bf5 5. Ng3 Bg6 6. h4 h6 7. Nf3 Nd7 8. h5
Bh7 9. Bd3 Bxd3 10. Qxd3 e6 11. Bd2 Ngf6 12. O-O-O Be7 13. Qe2 Rc8 14. Kb1 O-O
15. Ne5 c5 16. Nxd7 Qxd7 17. dxc5 Qc6 18. Bc3 Nd5 19. Be5 Qxc5 20. Ne4 Qc4 21.
Qxc4 Rxc4 22. Rd4 Rfc8 23. c3 f6 24. Rxc4 Rxc4 25. Bd4 e5 26. Nd2 Ra4 27. c4
exd4 28. cxd5 Ra5 29. d6 Bxd6 30. Nc4 Rd5 31. Nxd6 Rxd6 32. Kc2 Rd5 33. Kd3 Rb5
34. b3 Ra5 35. a4 b5 36. axb5 Rxb5 37. Kc4 a6 38. g4 f5 39. f3 fxg4 40. fxg4 d3
41. Kxd3 Rxb3+ 42. Ke4 Rb4+ 43. Kf5 a5 44. Rc1 Rb5+ 45. Kf4 Rb8 46. g5 hxg5+
47. Kxg5 a4 48. h6 Rb5+ 49. Kf4 gxh6 50. Rc6 h5 51. Ra6 Rb4+ 52. Kg5 h4 53. Kg6
Kf8 54. Kf6 Ke8 55. Ke6 Kd8 56. Kd6 Rd4+ 57. Ke5 Rg4 58. Rd6+ Kc7 59. Rd3 Kc6
0-1

[Event "EU-ch (Men) 11th"]
[Site "Rijeka"]
[Date "2010.03.08"]
[Round "3.4"]
[White "Jobava, Baadur"]
[Black "Kotronias, Vasilios"]
[Result "1-0"]
[WhiteElo "2695"]
[BlackElo "2593"]
[PlyCount "83"]
[EventDate "2010.03.06"]
[EventType "swiss"]
[EventRounds "11"]
[EventCountry "CRO"]
[SourceDate "2010.03.06"]

1. d4 Nf6 2. c4 g6 3. Nc3 Bg7 4. e4 d6 5. f4 O-O 6. Nf3 c5 7. d5 e6 8. Be2 exd5
9. cxd5 Bg4 10. O-O Nbd7 11. h3 Bxf3 12. Bxf3 a6 13. g4 b5 14. Ne2 Nb6 15. g5
Ne8 16. h4 Nc4 17. Qc2 Qa5 18. a3 f6 19. b3 fxg5 20. Ra2 gxf4 21. bxc4 Be5 22.
Bb2 Qd8 23. Bxe5 dxe5 24. Qc3 Nd6 25. Qxe5 Nxc4 26. Qg5 Qxg5+ 27. hxg5 Ne5 28.
Rc2 Rac8 29. Nc3 Rb8 30. d6 b4 31. Nd5 bxa3 32. Rxc5 Rb5 33. Rxb5 axb5 34. Bd1
Kg7 35. Bb3 f3 36. Rc1 f2+ 37. Kf1 Rf3 38. Rc7+ Kf8 39. Ne3 Ke8 40. Be6 Nf7 41.
Rc8+ Nd8 42. Nd5 1-0

[Event "EU-ch (Men) 11th"]
[Site "Rijeka"]
[Date "2010.03.08"]
[Round "3.5"]
[White "Safarli, Eltaj"]
[Black "Naiditsch, Arkadij"]
[Result "0-1"]
[WhiteElo "2606"]
[BlackElo "2691"]
[PlyCount "58"]
[EventDate "2010.03.06"]
[EventType "swiss"]
[EventRounds "11"]
[EventCountry "CRO"]
[SourceDate "2010.03.06"]

1. e4 e5 2. Nf3 Nc6 3. Bb5 Nf6 4. O-O Nxe4 5. d4 Nd6 6. dxe5 Nxb5 7. a4 Nbd4 8.
Nxd4 d5 9. Nxc6 bxc6 10. Qd3 Qd7 11. Rd1 Be7 12. Be3 Qf5 13. Qc3 Qg6 14. e6 O-O
15. Qxc6 Bxe6 16. Nc3 Rfd8 17. Nb5 Bf6 18. Bf4 d4 19. Bg3 h5 20. h4 Bd5 21. Qc5
Be4 22. Kh2 c6 23. Nd6 Bd5 24. Nb7 Rd7 25. Na5 Bxh4 26. Rg1 Bd8 27. Nc4 h4 28.
Be5 f6 29. Bd6 Qf7 0-1

[Event "EU-ch (Men) 11th"]
[Site "Rijeka"]
[Date "2010.03.08"]
[Round "3.6"]
[White "Aleksandrov, Aleksej"]
[Black "Caruana, Fabiano"]
[Result "1/2-1/2"]
[WhiteElo "2601"]
[BlackElo "2680"]
[PlyCount "32"]
[EventDate "2010.03.06"]
[EventType "swiss"]
[EventRounds "11"]
[EventCountry "CRO"]
[SourceDate "2010.03.06"]

1. d4 d5 2. c4 c6 3. Nf3 Nf6 4. e3 Bf5 5. Bd3 Bxd3 6. Qxd3 e6 7. O-O Nbd7 8. b3
Ne4 9. Nfd2 f5 10. f3 Nxd2 11. Nxd2 Bd6 12. e4 Qh4 13. g3 Bxg3 14. hxg3 Qxg3+
15. Kh1 Qh3+ 16. Kg1 Qg3+ 1/2-1/2

[Event "EU-ch (Men) 11th"]
[Site "Rijeka"]
[Date "2010.03.08"]
[Round "3.7"]
[White "Lupulescu, Constantin"]
[Black "Kurnosov, Igor"]
[Result "1/2-1/2"]
[WhiteElo "2598"]
[BlackElo "2674"]
[PlyCount "44"]
[EventDate "2010.03.06"]
[EventType "swiss"]
[EventRounds "11"]
[EventCountry "CRO"]
[SourceDate "2010.03.06"]

1. d4 Nf6 2. Nf3 g6 3. Nbd2 Bg7 4. e4 O-O 5. Bd3 d6 6. O-O Nc6 7. c3 e5 8. Re1
Nh5 9. Nb3 Bg4 10. Be2 a5 11. a4 exd4 12. cxd4 Re8 13. h3 Bd7 14. Bc4 Nb4 15.
Bd2 c6 16. e5 d5 17. Bf1 Bf8 18. Nc5 Bc8 19. Nd3 Nxd3 20. Bxd3 Ng7 21. Bg5 Qb6
22. Qc2 Bf5 1/2-1/2

[Event "EU-ch (Men) 11th"]
[Site "Rijeka"]
[Date "2010.03.08"]
[Round "3.8"]
[White "Areshchenko, Alexander"]
[Black "Stocek, Jiri"]
[Result "1/2-1/2"]
[WhiteElo "2670"]
[BlackElo "2591"]
[PlyCount "74"]
[EventDate "2010.03.06"]
[EventType "swiss"]
[EventRounds "11"]
[EventCountry "CRO"]
[SourceDate "2010.03.06"]

1. e4 e5 2. Nf3 Nc6 3. Bb5 a6 4. Ba4 Nf6 5. O-O Be7 6. Qe2 d6 7. c3 Bd7 8. Bc2
O-O 9. h3 h6 10. d4 Re8 11. d5 Na7 12. c4 c6 13. a4 b5 14. axb5 axb5 15. Be3 c5
16. b4 Qc7 17. Nc3 cxb4 18. Na2 bxc4 19. Nxb4 Nb5 20. Rxa8 Rxa8 21. Rc1 Na3 22.
Bd2 Qb7 23. Bd1 Bd8 24. Nc2 Nxc2 25. Bxc2 Rc8 26. Bc3 Bb6 27. Nd2 Qc7 28. Bb1
Bb5 29. Nf1 Bd4 30. Ne3 Bxc3 31. Rxc3 Qa5 32. Qd2 Qa1 33. Qc1 Bd7 34. Rxc4 Rxc4
35. Nxc4 Qa6 36. Qc3 Bb5 37. Na3 g6 1/2-1/2

[Event "EU-ch (Men) 11th"]
[Site "Rijeka"]
[Date "2010.03.08"]
[Round "3.9"]
[White "Erdos, Viktor"]
[Black "Moiseenko, Alexander"]
[Result "1/2-1/2"]
[WhiteElo "2593"]
[BlackElo "2668"]
[PlyCount "24"]
[EventDate "2010.03.06"]
[EventType "swiss"]
[EventRounds "11"]
[EventCountry "CRO"]
[SourceDate "2010.03.06"]

1. d4 Nf6 2. Nf3 e6 3. g3 b5 4. Qd3 a6 5. Bg5 Bb7 6. Nbd2 c5 7. c3 cxd4 8. cxd4
Nc6 9. a3 h6 10. Bxf6 Qxf6 11. Nb3 d5 12. Rc1 Bd6 1/2-1/2

[Event "EU-ch (Men) 11th"]
[Site "Rijeka"]
[Date "2010.03.08"]
[Round "3.10"]
[White "Inarkiev, Ernesto"]
[Black "Bosiocic, Marin"]
[Result "1-0"]
[WhiteElo "2667"]
[BlackElo "2577"]
[PlyCount "135"]
[EventDate "2010.03.06"]
[EventType "swiss"]
[EventRounds "11"]
[EventCountry "CRO"]
[SourceDate "2010.03.06"]

1. d4 Nf6 2. c4 g6 3. g3 c6 4. Nf3 Bg7 5. Bg2 d5 6. Ne5 Ne4 7. O-O O-O 8. Qb3
dxc4 9. Nxc4 Nd6 10. Ne5 Be6 11. Qc2 Nd7 12. f4 Nxe5 13. dxe5 Qb6+ 14. Kh1 Nf5
15. Qc3 Nd4 16. Be3 Nb5 17. Qc1 Qa6 18. Nd2 Nc7 19. Bc5 Qxe2 20. Re1 Qh5 21.
Bxe7 Rfe8 22. Bd6 Nb5 23. Ne4 Bd5 24. Bc5 Bxe4 25. Rxe4 Bf8 26. Bf2 Qf5 27. Qe1
Red8 28. Qe2 Qd7 29. Bf3 Qd3 30. Be3 Qxe2 31. Bxe2 Nc7 32. a3 Ne6 33. Rc1 Nc7
34. Kg2 Be7 35. Kf3 f6 36. Rd1 Rxd1 37. Bxd1 a6 38. Bb3+ Kg7 39. g4 fxe5 40.
Bd4 Nb5 41. Bxe5+ Kf8 42. Bg7+ Kxg7 43. Rxe7+ Kh8 44. Rxb7 Re8 45. Rd7 c5 46.
Ba4 Rb8 47. Ke4 Nd4 48. Rc7 Rxb2 49. Rxc5 Nb5 50. Bxb5 axb5 51. Ke5 Kg7 52.
Rc7+ Kh6 53. h3 g5 54. h4 Rf2 55. hxg5+ Kg6 56. Rc6+ Kg7 57. Rc7+ Kg6 58. Rc6+
Kg7 59. Kf5 Kg8 60. Rc8+ Kg7 61. Rc7+ Kg8 62. g6 h6 63. Rc8+ Kg7 64. Rc7+ Kg8
65. Ke5 Rf3 66. Ra7 Rc3 67. f5 Rc5+ 68. Kd6 1-0

[Event "EU-ch (Men) 11th"]
[Site "Rijeka"]
[Date "2010.03.08"]
[Round "3.11"]
[White "Nisipeanu, Liviu Dieter"]
[Black "Reinderman, Dimitri"]
[Result "1-0"]
[WhiteElo "2661"]
[BlackElo "2576"]
[PlyCount "61"]
[EventDate "2010.03.06"]
[EventType "swiss"]
[EventRounds "11"]
[EventCountry "CRO"]
[SourceDate "2010.03.06"]

1. e4 Nf6 2. e5 Nd5 3. d4 d6 4. Nf3 g6 5. Bc4 Nb6 6. Bb3 Bg7 7. Ng5 e6 8. Qf3
O-O 9. Qh3 h6 10. Nf3 dxe5 11. dxe5 Nc6 12. Bxh6 Nxe5 13. Ng5 Nd3+ 14. cxd3
Bxb2 15. Nd2 Bxa1 16. O-O Bd4 17. Nde4 Re8 18. Nxf7 Qd7 19. Be3 Kxf7 20. Qh7+
Bg7 21. Ng5+ Kf6 22. Ne4+ Kf7 23. Ng5+ Kf6 24. Nf3 Qd6 25. Bg5+ Kf7 26. Bh6 Qf8
27. Ne5+ Kf6 28. Qxg6+ Ke7 29. Bxg7 Qf5 30. Qh6 Nd5 31. g4 1-0

[Event "EU-ch (Men) 11th"]
[Site "Rijeka"]
[Date "2010.03.08"]
[Round "3.12"]
[White "Melkumyan, Hrant"]
[Black "Riazantsev, Alexander"]
[Result "1/2-1/2"]
[WhiteElo "2582"]
[BlackElo "2660"]
[PlyCount "105"]
[EventDate "2010.03.06"]
[EventType "swiss"]
[EventRounds "11"]
[EventCountry "CRO"]
[SourceDate "2010.03.06"]

1. d4 Nf6 2. c4 g6 3. Nc3 d5 4. cxd5 Nxd5 5. Bd2 Bg7 6. Nf3 c5 7. Rc1 Nxc3 8.
Bxc3 cxd4 9. Nxd4 O-O 10. e4 Nd7 11. Nb5 Nf6 12. f3 Bd7 13. Be2 Rc8 14. Qd2
Bxb5 15. Qxd8 Rfxd8 16. Bxb5 a6 17. Be2 Nd7 18. Kf2 Bxc3 19. Rxc3 Rxc3 20. bxc3
Nc5 21. Ke3 Na4 22. Rb1 Rd7 23. Rb3 Rc7 24. c4 Nc5 25. Rb6 e5 26. g3 Rc6 27.
Rxc6 bxc6 28. h4 f6 29. f4 Kf7 30. Bg4 h6 31. f5 gxf5 32. Bxf5 Ke7 33. Kf3 a5
34. Kg4 Kf7 35. Kh5 Kg7 36. g4 Nd3 37. g5 hxg5 38. hxg5 c5 39. Bd7 Nb4 40. Kg4
Nxa2 41. Kf5 fxg5 42. Kxg5 Kf7 43. Kf5 Ke7 44. Kxe5 Kxd7 45. Kd5 a4 46. Kxc5 a3
47. Kd4 Kc6 48. e5 Kd7 49. c5 Ke6 50. c6 Nb4 51. Kc3 Nxc6 52. Kb3 Nxe5 53. Kxa3
1/2-1/2

[Event "EU-ch (Men) 11th"]
[Site "Rijeka"]
[Date "2010.03.08"]
[Round "3.13"]
[White "Pavasovic, Dusko"]
[Black "Nepomniachtchi, Ian"]
[Result "0-1"]
[WhiteElo "2579"]
[BlackElo "2656"]
[PlyCount "148"]
[EventDate "2010.03.06"]
[EventType "swiss"]
[EventRounds "11"]
[EventCountry "CRO"]
[SourceDate "2010.03.06"]

1. e4 c5 2. Nf3 d6 3. d4 cxd4 4. Nxd4 Nf6 5. Nc3 a6 6. g3 e5 7. Nde2 Be7 8. Bg2
Nbd7 9. a4 b6 10. h3 h5 11. Nd5 Nxd5 12. Qxd5 Rb8 13. Nc3 h4 14. g4 Bb7 15. Qd1
Nc5 16. O-O Ne6 17. Be3 O-O 18. Nd5 Bxd5 19. exd5 Nf4 20. Bxf4 exf4 21. c3 Bf6
22. Re1 b5 23. axb5 Rxb5 24. Qd2 Qb6 25. Ra2 Rb8 26. Bf1 Rxb2 27. Rxb2 Qxb2 28.
Qxb2 Rxb2 29. Bxa6 Rd2 30. Be2 Bxc3 31. Bf3 g6 32. Re2 Rd3 33. Kg2 Kg7 34. Be4
Rd1 35. Bf3 Ra1 36. Rc2 Ra3 37. Re2 Kf6 38. Re4 Kg5 39. Re2 f5 40. gxf5 Kxf5
41. Bg4+ Kg5 42. Bf3 Be5 43. Re1 Kf6 44. Re2 g5 45. Rd2 Ke7 46. Bg4 Kd8 47. Bf3
Kc7 48. Rc2+ Bc3 49. Be4 Kd7 50. Bf5+ Ke7 51. Bg4 Be5 52. Rd2 Kd8 53. Bf3 Kc7
54. Rc2+ Kb6 55. Rc6+ Kb5 56. Be2+ Kb4 57. Rc4+ Kb3 58. Rc8 Ra5 59. Kf3 Ra1 60.
Kg2 Re1 61. Bf3 Bd4 62. Rg8 Ra1 63. Be2 Kc3 64. Rxg5 Kd2 65. Bh5 Ke1 66. Kf3
Ra3+ 67. Kxf4 Rxh3 68. f3 Kf2 69. Kf5 Rg3 70. Bg4 h3 71. Rh5 Kg2 72. Bxh3+ Rxh3
73. Rxh3 Kxh3 74. f4 Be3 0-1

[Event "EU-ch (Men) 11th"]
[Site "Rijeka"]
[Date "2010.03.08"]
[Round "3.14"]
[White "Timofeev, Artyom"]
[Black "Hera, Imre Jr"]
[Result "1-0"]
[WhiteElo "2655"]
[BlackElo "2574"]
[PlyCount "119"]
[EventDate "2010.03.06"]
[EventType "swiss"]
[EventRounds "11"]
[EventCountry "CRO"]
[SourceDate "2010.03.06"]

1. e4 c6 2. d4 d5 3. f3 e6 4. Nc3 Bb4 5. Bd2 b6 6. Nh3 e5 7. Ne2 Bxd2+ 8. Qxd2
dxe4 9. fxe4 exd4 10. Qxd4 Qxd4 11. Nxd4 Ne7 12. Ng5 Nd7 13. Ngf3 Nc5 14. O-O-O
O-O 15. e5 Bg4 16. Be2 Ne6 17. h3 Nxd4 18. Rxd4 Be6 19. Ng5 Nf5 20. Nxe6 fxe6
21. Rd3 Rad8 22. Rhd1 Rd5 23. Bf3 Rxe5 24. Bxc6 Ne3 25. Re1 Nc4 26. Be4 g6 27.
b3 Rf4 28. Rd4 Nd6 29. Rxd6 Rfxe4 30. Rxe4 Rxe4 31. Rd8+ Kg7 32. Rd7+ Kf6 33.
Rxa7 h5 34. Rb7 Re1+ 35. Kb2 Rg1 36. Rxb6 Rxg2 37. a4 g5 38. a5 g4 39. hxg4
Rxg4 40. a6 Rg8 41. a7 Ra8 42. Ra6 h4 43. b4 h3 44. Ra3 h2 45. Rh3 Rxa7 46.
Rxh2 e5 47. Kc3 Ke6 48. b5 Kd5 49. Kb4 e4 50. Rh5+ Kd4 51. c3+ Kd3 52. Rd5+ Kc2
53. Re5 Kd3 54. c4 e3 55. c5 e2 56. c6 Rf7 57. Ka5 Rf5 58. Rxe2 Kxe2 59. c7 Rf8
60. b6 1-0

[Event "EU-ch (Men) 11th"]
[Site "Rijeka"]
[Date "2010.03.08"]
[Round "3.15"]
[White "Yemelin, Vasily"]
[Black "Krasenkow, Michal"]
[Result "0-1"]
[WhiteElo "2576"]
[BlackElo "2652"]
[PlyCount "135"]
[EventDate "2010.03.06"]
[EventType "swiss"]
[EventRounds "11"]
[EventCountry "CRO"]
[SourceDate "2010.03.06"]

1. e4 e5 2. Nf3 Nc6 3. Bb5 Nf6 4. O-O Nxe4 5. d4 Nd6 6. Bxc6 dxc6 7. dxe5 Nf5
8. Qxd8+ Kxd8 9. Nc3 h6 10. b3 Be6 11. Bb2 a5 12. Rad1+ Kc8 13. a4 b6 14. Ne2
Bd5 15. Nd2 g5 16. c4 Be6 17. h3 h5 18. Ne4 Be7 19. g4 hxg4 20. hxg4 Nh4 21. f3
Kb7 22. Nd4 Rh6 23. Kf2 Ng6 24. Rh1 Rah8 25. Rxh6 Rxh6 26. Bc1 Bc8 27. Bxg5
Bxg5 28. Nxg5 Nxe5 29. Kg3 c5 30. Nc2 Rg6 31. Kf4 f6 32. Ne4 Nxf3 33. Ne3 Nd4
34. Rh1 Nxb3 35. Rh7 Kb8 36. Rf7 Nc1 37. Nxf6 Nd3+ 38. Ke4 Nb2 39. Nfd5 Nxa4
40. Rf8 Re6+ 41. Kd3 c6 42. Nf6 Nb2+ 43. Kd2 Rd6+ 44. Kc3 Nd1+ 45. Nxd1 Rxd1
46. g5 Kb7 47. Rf7+ Ka6 48. Ne8 a4 49. Nc7+ Ka5 50. Rf8 Rc1+ 51. Kb2 Rxc4 52.
Rxc8 Rg4 53. Ne6 Kb5 54. Ra8 Kb4 55. Ra6 Rg2+ 56. Kb1 b5 57. Rxc6 c4 58. Rb6 a3
59. Rb8 c3 60. Nf4 c2+ 61. Kc1 a2 62. Ra8 Rg1+ 63. Kxc2 a1=Q 64. Rxa1 Rxa1 65.
Kd3 Rg1 66. g6 Ka3 67. Ke4 Rg5 68. Kd4 0-1

[Event "EU-ch (Men) 11th"]
[Site "Rijeka"]
[Date "2010.03.08"]
[Round "3.16"]
[White "Kovacevic, Aleksandar"]
[Black "Fridman, Daniel"]
[Result "1/2-1/2"]
[WhiteElo "2574"]
[BlackElo "2650"]
[PlyCount "116"]
[EventDate "2010.03.06"]
[EventType "swiss"]
[EventRounds "11"]
[EventCountry "CRO"]
[SourceDate "2010.03.06"]

1. e4 c6 2. Nc3 d5 3. Nf3 Bg4 4. h3 Bxf3 5. Qxf3 e6 6. Be2 Nf6 7. O-O Bc5 8. d3
Qc7 9. exd5 Nxd5 10. Ne4 Nd7 11. Nxc5 Nxc5 12. d4 Nd7 13. c4 Ne7 14. Bf4 Qb6
15. Qc3 O-O 16. Rad1 Rfe8 17. Rfe1 a5 18. Bd3 Ng6 19. Bg5 a4 20. Be4 Qa5 21.
Qxa5 Rxa5 22. Bd2 Ra6 23. d5 cxd5 24. cxd5 Nf6 25. dxe6 Raxe6 26. Bxb7 Rb8 27.
Rxe6 fxe6 28. Bc6 Rxb2 29. a3 Nd5 30. Bxa4 Ra2 31. Bc1 Nc3 32. Rd8+ Kf7 33.
Be8+ Kf6 34. Be3 Rxa3 35. Bc6 Ra1+ 36. Kh2 Rd1 37. Rxd1 Nxd1 38. Bc5 e5 39. g3
Nc3 40. Kg2 Ne7 41. Bb7 Ne2 42. Kf3 Ng1+ 43. Kg2 Ne2 44. h4 Nd4 45. Be4 g6 46.
Kf1 Nef5 47. Ke1 Ke6 48. Bf8 Nd6 49. Bb1 N4f5 50. Ba2+ Kd7 51. Bg8 Ke8 52. Bxd6
Nxd6 53. Bxh7 Kf7 54. h5 gxh5 55. Kf1 e4 56. f3 exf3 57. Kf2 Kf6 58. Kxf3 Ke5
1/2-1/2

[Event "EU-ch (Men) 11th"]
[Site "Rijeka"]
[Date "2010.03.08"]
[Round "3.17"]
[White "Mastrovasilis, Dimitrios"]
[Black "Zhigalko, Sergei"]
[Result "1/2-1/2"]
[WhiteElo "2574"]
[BlackElo "2648"]
[PlyCount "45"]
[EventDate "2010.03.06"]
[EventType "swiss"]
[EventRounds "11"]
[EventCountry "CRO"]
[SourceDate "2010.03.06"]

1. e4 c5 2. Nf3 Nc6 3. d4 cxd4 4. Nxd4 Nf6 5. Nc3 e5 6. Ndb5 d6 7. Bg5 a6 8.
Na3 b5 9. Bxf6 gxf6 10. Nd5 f5 11. Bd3 Be6 12. O-O Bxd5 13. exd5 Ne7 14. Re1
Bg7 15. c3 O-O 16. Qh5 e4 17. Bf1 Re8 18. Rad1 Qc8 19. Nc2 Ng6 20. Nb4 Ne5 21.
Nc2 Ng6 22. Nb4 Ne5 23. Nc2 1/2-1/2

[Event "EU-ch (Men) 11th"]
[Site "Rijeka"]
[Date "2010.03.08"]
[Round "3.18"]
[White "Efimenko, Zahar"]
[Black "Iotov, Valentin"]
[Result "1-0"]
[WhiteElo "2640"]
[BlackElo "2568"]
[PlyCount "90"]
[EventDate "2010.03.06"]
[EventType "swiss"]
[EventRounds "11"]
[EventCountry "CRO"]
[SourceDate "2010.03.06"]

1. e4 c5 2. Nf3 e6 3. d4 cxd4 4. Nxd4 Nc6 5. Nc3 Qc7 6. g3 a6 7. Bg2 Nf6 8. O-O
d6 9. Re1 Nd7 10. Nce2 Be7 11. b3 O-O 12. Bb2 Nc5 13. c4 Bf6 14. Qd2 Nxd4 15.
Bxd4 Bxd4 16. Nxd4 Rb8 17. Rad1 Rd8 18. Nc2 e5 19. Ne3 Be6 20. b4 Na4 21. Rc1
Nb6 22. Qd3 Rbc8 23. Nd5 Bxd5 24. exd5 Nd7 25. Bh3 a5 26. a3 axb4 27. axb4 b6
28. f4 exf4 29. Re7 Ne5 30. Rxc7 Nxd3 31. Rxc8 Rxc8 32. Rc3 Rc7 33. Rxd3 Rxc4
34. b5 fxg3 35. hxg3 g6 36. Ra3 Rb4 37. Bf1 Kg7 38. Ra6 Kf6 39. Rxb6 Ke5 40.
Rb7 f5 41. Rxh7 g5 42. Rh5 Rg4 43. Kf2 f4 44. gxf4+ Rxf4+ 45. Ke1 Rxf1+ 1-0

[Event "EU-ch (Men) 11th"]
[Site "Rijeka"]
[Date "2010.03.08"]
[Round "3.19"]
[White "Grigorian, Avetik"]
[Black "Mamedov, Rauf"]
[Result "1/2-1/2"]
[WhiteElo "2565"]
[BlackElo "2639"]
[PlyCount "56"]
[EventDate "2010.03.06"]
[EventType "swiss"]
[EventRounds "11"]
[EventCountry "CRO"]
[SourceDate "2010.03.06"]

1. d4 Nf6 2. c4 g6 3. Nc3 Bg7 4. e4 d6 5. Nf3 O-O 6. h3 e5 7. d5 Na6 8. Be3 Nh5
9. Nh2 Qe8 10. Be2 f5 11. Bxh5 gxh5 12. g4 hxg4 13. hxg4 fxe4 14. Qb1 Qg6 15.
Qxe4 Bd7 16. Ke2 Nb4 17. Rhc1 a5 18. f3 a4 19. Nf1 a3 20. b3 Qxe4 21. Nxe4 c6
22. dxc6 Bxc6 23. Nfd2 d5 24. cxd5 Nxd5 25. Rh1 Nf4+ 26. Bxf4 exf4 27. Rac1
Rac8 28. Nd6 Rc7 1/2-1/2

[Event "EU-ch (Men) 11th"]
[Site "Rijeka"]
[Date "2010.03.08"]
[Round "3.21"]
[White "Maiorov, Nikita"]
[Black "Socko, Bartosz"]
[Result "1-0"]
[WhiteElo "2510"]
[BlackElo "2637"]
[PlyCount "119"]
[EventDate "2010.03.06"]
[EventType "swiss"]
[EventRounds "11"]
[EventCountry "CRO"]
[SourceDate "2010.03.06"]

1. d4 Nf6 2. c4 g6 3. Nf3 Bg7 4. g3 O-O 5. Bg2 d6 6. O-O Nc6 7. Nc3 Bg4 8. d5
Na5 9. Nd2 c5 10. Rb1 a6 11. b3 Rb8 12. Bb2 b5 13. Ba1 e5 14. cxb5 axb5 15. b4
cxb4 16. Rxb4 Bd7 17. Qb1 Nc4 18. Nxc4 bxc4 19. a4 Qc7 20. Rc1 e4 21. Nb5 Bxb5
22. axb5 Nxd5 23. Rbxc4 Qa5 24. Bxg7 Kxg7 25. Qb2+ Kg8 26. Rb1 Rfc8 27. Rxc8+
Rxc8 28. b6 Rb8 29. b7 f5 30. Rc1 Qa6 31. Rb1 Qc6 32. Bf1 Kf7 33. e3 Nf6 34.
Bb5 Qc7 35. Ba6 Qc6 36. Qa1 Nd7 37. Bb5 Qc7 38. Qa2+ Ke7 39. Bxd7 Qxd7 40. Qa7
Qc7 41. Kg2 Kf6 42. Rb6 Kg5 43. Rb5 Kh6 44. h3 d5 45. h4 Kh5 46. Qa6 Kh6 47. h5
Kg5 48. hxg6 hxg6 49. Rb6 Qh7 50. Qa1 Kg4 51. Qd1+ Kg5 52. f4+ exf3+ 53. Qxf3
Qc7 54. Qf4+ Qxf4 55. gxf4+ Kh6 56. Kf2 Kg7 57. Ke2 Kf7 58. Kd3 Ke8 59. Kd4 Kd8
60. Rxg6 1-0

[Event "EU-ch (Men) 11th"]
[Site "Rijeka"]
[Date "2010.03.08"]
[Round "3.22"]
[White "Kokarev, Dmitry"]
[Black "Nikolov, Momchil"]
[Result "1/2-1/2"]
[WhiteElo "2622"]
[BlackElo "2550"]
[PlyCount "50"]
[EventDate "2010.03.06"]
[EventType "swiss"]
[EventRounds "11"]
[EventCountry "CRO"]
[SourceDate "2010.03.06"]

1. e4 c5 2. Nf3 e6 3. d4 cxd4 4. Nxd4 a6 5. Bd3 Nf6 6. O-O Qc7 7. Qe2 d6 8. c4
g6 9. Nc3 Bg7 10. Nf3 O-O 11. h3 Nc6 12. Be3 Nd7 13. Rac1 Nc5 14. Rfd1 b6 15.
Bb1 Bb7 16. Qd2 Rad8 17. Bg5 Rd7 18. Bh6 Qd8 19. Bxg7 Kxg7 20. Ne2 Ne5 21. Qc3
f6 22. Nfd4 Re8 23. Qe3 d5 24. cxd5 exd5 25. exd5 Bxd5 1/2-1/2

[Event "EU-ch (Men) 11th"]
[Site "Rijeka"]
[Date "2010.03.08"]
[Round "3.23"]
[White "Belov, Vladimir"]
[Black "Szabo, Gergely Andras Gyul"]
[Result "1/2-1/2"]
[WhiteElo "2619"]
[BlackElo "2525"]
[PlyCount "61"]
[EventDate "2010.03.06"]
[EventType "swiss"]
[EventRounds "11"]
[EventCountry "CRO"]
[SourceDate "2010.03.06"]

1. e4 d5 2. exd5 Qxd5 3. Nc3 Qd8 4. d4 Nf6 5. Bg5 c6 6. Bc4 Bf5 7. Bxf6 gxf6 8.
Nge2 e6 9. O-O Nd7 10. Ng3 Bg6 11. Re1 Nb6 12. Bb3 Be7 13. a4 Qc7 14. a5 Nd5
15. a6 b6 16. Qf3 Nb4 17. Nce4 f5 18. Nd2 O-O-O 19. c3 Nd5 20. Nc4 Kb8 21. Ne5
Bd6 22. Nf1 f6 23. Nc4 e5 24. Nxd6 Qxd6 25. Bxd5 cxd5 26. c4 f4 27. dxe5 fxe5
28. cxd5 Qxd5 29. Nd2 Rhe8 30. Ne4 Qd3 31. Qxd3 1/2-1/2

[Event "EU-ch (Men) 11th"]
[Site "Rijeka"]
[Date "2010.03.08"]
[Round "3.24"]
[White "Martinovic, Sasa"]
[Black "Vorobiov, Evgeny E"]
[Result "1-0"]
[WhiteElo "2509"]
[BlackElo "2616"]
[PlyCount "91"]
[EventDate "2010.03.06"]
[EventType "swiss"]
[EventRounds "11"]
[EventCountry "CRO"]
[SourceDate "2010.03.06"]

1. d4 Nf6 2. Bg5 Ne4 3. Bf4 c5 4. f3 Qa5+ 5. c3 Nf6 6. d5 Qb6 7. Bc1 e6 8. e4
exd5 9. exd5 Qc7 10. c4 Bd6 11. Bd3 O-O 12. Nc3 a6 13. Nge2 Re8 14. a4 Be5 15.
Qc2 b6 16. Bd2 Bb7 17. Kf2 d6 18. h3 Nbd7 19. Be3 Nf8 20. f4 Bxc3 21. Nxc3 Bc8
22. Bd2 Bd7 23. b3 Qb7 24. Ne2 Ng6 25. Rhe1 Rad8 26. Bc3 Nh5 27. g4 Rxe2+ 28.
Rxe2 Nhxf4 29. Bxg6 Nxg6 30. Kg3 f6 31. Rf1 b5 32. h4 bxc4 33. bxc4 Bc8 34. h5
Ne5 35. Bxe5 dxe5 36. a5 Qc7 37. h6 gxh6 38. Rxf6 Qg7 39. Ref2 Qxg4+ 40. Kh2
Qh5+ 41. Kg1 Qg5+ 42. Rg2 Bg4 43. Rf5 Qg6 44. Qe4 h5 45. Qxe5 Re8 46. Qf6 1-0

[Event "EU-ch (Men) 11th"]
[Site "Rijeka"]
[Date "2010.03.08"]
[Round "3.25"]
[White "Chirila, Ioan Cristian"]
[Black "Lysyj, Igor"]
[Result "1/2-1/2"]
[WhiteElo "2487"]
[BlackElo "2615"]
[PlyCount "98"]
[EventDate "2010.03.06"]
[EventType "swiss"]
[EventRounds "11"]
[EventCountry "CRO"]
[SourceDate "2010.03.06"]

1. e4 e6 2. d4 d5 3. Nc3 Nf6 4. e5 Nfd7 5. f4 c5 6. Nf3 Nc6 7. Be3 Be7 8. Qd2
O-O 9. Be2 a6 10. O-O b5 11. a3 Qb6 12. Nd1 a5 13. Nf2 Ba6 14. Rfd1 b4 15. Bxa6
Rxa6 16. axb4 axb4 17. dxc5 Bxc5 18. Rxa6 Qxa6 19. Nd3 Bxe3+ 20. Qxe3 Ra8 21.
f5 Qa7 22. Qxa7 Rxa7 23. fxe6 fxe6 24. Ng5 Nf8 25. Kf2 h6 26. Nf3 Nd7 27. Ke3
Nb6 28. b3 d4+ 29. Kd2 Nd5 30. Re1 g5 31. Re4 Nc3 32. Rg4 Ra1 33. Nxd4 Rd1+ 34.
Ke3 Nd5+ 35. Ke2 Nc3+ 36. Kf2 Nxd4 37. Rxd4 Rd2+ 38. Kf3 Rxc2 39. Nxb4 Rb2 40.
Nc6 Nd5 41. b4 Kf7 42. h4 Kg6 43. hxg5 Kxg5 44. Rg4+ Kf5 45. Nd4+ Kxe5 46. Re4+
Kf6 47. Rxe6+ Kf7 48. Rd6 Nxb4 49. Rxh6 Nc2 1/2-1/2